|
|
|
|
| LEADER |
00000nam2a2200000 4500 |
| 001 |
314988 |
| 005 |
20231102002731.0 |
| 035 |
|
|
|a (RuTPU)RU\TPU\book\340421
|
| 090 |
|
|
|a 314988
|
| 100 |
|
|
|a 20160222d1982 km y0rusy50 ca
|
| 101 |
0 |
|
|a rus
|
| 102 |
|
|
|a RU
|
| 105 |
|
|
|a a z 001zy
|
| 200 |
0 |
|
|a Вып. 7
|f под ред. К. А. Оглоблина
|
| 210 |
|
|
|d 1982
|
| 215 |
|
|
|a 216 с.
|c ил.
|
| 320 |
|
|
|a Библиогр. в конце ст.
|
| 461 |
|
1 |
|0 (RuTPU)RU\TPU\book\221677
|t Современные проблемы органической химии
|o межвузовский сборник
|f Ленинградский государственный университет (ЛГУ)
|v Вып. 7
|d 1969-1991
|
| 606 |
1 |
|
|a Органическая химия
|2 stltpush
|3 (RuTPU)RU\TPU\subj\47309
|9 66362
|
| 610 |
1 |
|
|a органические молекулы
|
| 610 |
1 |
|
|a синтез
|
| 610 |
1 |
|
|a катионы
|
| 610 |
1 |
|
|a циклопропены
|
| 610 |
1 |
|
|a трехчленный цикл
|
| 610 |
1 |
|
|a стабильность
|
| 610 |
1 |
|
|a азотистые гетероциклы
|
| 610 |
1 |
|
|a нитрены
|
| 610 |
1 |
|
|a фотоэлектронная спектроскопия
|
| 610 |
1 |
|
|a ядра
|
| 610 |
1 |
|
|a химическая поляризация
|
| 675 |
|
|
|a 547
|v 4
|
| 702 |
|
1 |
|a Оглоблин
|b К. А.
|4 340
|
| 801 |
|
1 |
|a RU
|b 63413507
|c 20160222
|
| 801 |
|
2 |
|a RU
|b 63413507
|c 20200116
|g RCR
|
| 942 |
|
|
|c BK
|